Cuba y su perspectiva tras la muerte de Fidel Castro diplomová práca

Uložené v:
Podrobná bibliografia
Hlavný autor: Patylová, Linda
Korporativný autor: Fakulta aplikovaných jazykov EU v Bratislave. Katedra románskych a slovanských jazykov
Ďalší autori: Maarová, Iveta
Médium: Kniha
Jazyk:Spanish
Vydavateľské údaje: Bratislava 2018
Tagy: Pridať tag
Žiadne tagy, Buďte prvý, kto otaguje tento záznam!

MARC

LEADER 00000nbm a2200000 4500
001 0244026
005 20181011145338.3
041 0 |a spa 
044 |a SK 
245 1 0 |a Cuba y su perspectiva tras la muerte de Fidel Castro  |b diplomová práca  |c Linda Patylová ; školiteľ: Iveta Maarová 
264 1 |a Bratislava  |c 2018 
300 |a 57 s. 
100 1 |a Patylová, Linda 
700 1 |a Maarová, Iveta 
710 2 |a Fakulta aplikovaných jazykov EU v Bratislave. Katedra románskych a slovanských jazykov